000 00889nas a2200277 4500
001 BR9802408
003 BR-BrBNA
005 20231205100741.0
007 ta
008 230509b bl.|||p| |||| 00| 00por d
040 _aBR-BrBNA
_bpor
_cBiblioteca Nacional de Agricultura
041 _a(Pt)
072 _aF02; F01
100 1 _aZafarri, G.R.
100 1 _aKoller, O.L.
100 1 _aStuker, H.
245 1 _aEfeito do acido 2,4 diclorofenoxiacetico e do acido indolbutirico sobre o enraizamento de estacas de citros
650 _aFruta Citrica
650 _aAcido Fenoxi-Acetico
650 _aAcido Indolbutirico
650 _aEnraizamento de Estaca
650 _aRegulador de Crescimento
773 0 _tRevista Brasileira de Fruticultura (Brazil)
_xISSN 0100-2945
_g(1993), v. 15(2) p. 39-44
_wBR9802408
909 _a202311
_bLúcia
_c55
_dLúcia Elande
942 _2AGRIS
_n0
_cANA
999 _c157849
_d157849